Responses for Show #2235 - Friday, April 29, 1994

Contestants

[<< previous game]

Chris Goheen, a chemical engineer originally from Champaign, Illinois

Paul Volpe, a clerk from Buffalo, New York

Liz Fersch, an electronics technician from Congers, New York (whose 1-day cash winnings total $17,395)

[next game >>]

Jeopardy! Round responses

THE 20th CENTURY
SPORTS LOGOS
MIDDLE NAMES
BALLET
PARTY FOOD & DRINK
NUMBER, PLEASE
    $100 3
Cambodia

Chris
    $100 8
the Space Needle

Liz
    $100 2
Fenimore

Paul
    $100 26
London

Chris
    $100 1
apples

Chris
    $100 17
16

Paul
    $200 4
Hitler

Chris
    $200 9
a halo

Liz
    $200 13
(Chris: Who is [*] Brooks?)

Garth

Chris
    $200 27
an arabesque

Paul
    $200 22
ice

Liz
    $200 18
6

Chris
    $300 5
Bogota

Chris
    $300 10
a hornet

Liz
    $300 14
(Paul: Who is Elizabeth Borden?)
...
(Alex: All of our sources indicate her as [*], not Elizabeth.)

Lizzie Borden

Paul
Triple Stumper
    $300 28
Ibsen

Chris
    $300 23
punch

Liz
    $300 19
30

Triple Stumper
    $400 6
Indira Gandhi

Paul
    $400 11
the Los Angeles Kings

Paul
    $400 15
(Paul: What is Christmas?)

Valentine

PaulChris
    $400 29
Picasso

Liz
    $400 24
chicken liver

Liz
    $400 20
8 1/2

Paul
    $500 7
Energy

Chris
    $500 12
the Miami Dolphins

Paul
    $800 16
(Chris: What is Francis?)

Frederick

Chris
    $500 30
the New York City Ballet

Liz
    $500 25
a Tom and Jerry

Chris
    $500 21
20

Paul

Scores at the first commercial break (after clue 15):

Liz Paul Chris
$600 $700 $1,800

Scores at the end of the Jeopardy! Round:

Liz Paul Chris
$2,400 $1,900 $2,100

Double Jeopardy! Round responses

THE U.N.
MUSEUMS
THE BIBLE
FILM DIRECTORS
POETRY
ODDS & ENDS
    $200 12
Sarajevo

Liz
    $200 7
New Orleans

Chris
    $200 26
"as thyself"

Paul
    $200 2
Billy Crystal

Chris
    $200 1
Frost

Chris
    $200 21
(Chris: What are dimes?)

donuts

LizChris
    $400 13
(Jeane) Kirkpatrick

Chris
    $400 17
the Baltimore & Ohio

Chris
    $400 27
(St.) Paul

Chris
    $400 3
D.W. Griffith

Chris
    $400 8
(G.K.) Chesterton

Liz
    $400 22
the Liberty Bell

Paul
    $600 14
UNICEF

Paul
    $600 18
Munich

Chris
    $600 28
fig tree

Triple Stumper
    $600 4
Vienna

Chris
    $2,000 9
Carl Sandburg

Liz
    $600 23
Timbuktu

Chris
    $800 15
South Africa

Chris
    $800 19
Tycho Brahe

Chris
    $500 29
Ruth

Chris
    $800 5
Bob Fosse

Paul
    $800 10
(Liz: Who is Masterson?)

Edgar Lee Masters

LizChris
    $800 24
anteaters

Chris
    $1000 16
(Liz: What is Australia?)

the United States

LizPaul
    $1000 20
the Uffizi

Chris
    $1000 30
the peacemakers

Paul
    $1000 6
Roger Vadim

Liz
    $1000 11
(Edwin Arlington) Robinson

Chris
    $1000 25
a lotus

Chris

Scores at the end of the Double Jeopardy! Round:

Liz Paul Chris
$4,400 $5,900 $12,600
(lock game)

[wagering suggestions for these scores]

Final Jeopardy! Round responses

FIRST LADIES
LizWho was Dolly Madison
$4,000
PaulWho Dolly Madison
$4,900
ChrisWho is Mrs. Tyler?
$700
Frances Folsom Cleveland

Final scores:

Liz Paul Chris
$400 $1,000 $11,900
3rd place: Lucien Piccard his & hers watches + Wheel of Fortune & Jeopardy! games for the Super Nintendo & Sega Genesis 2nd place: trip to Lincoln Center for the Performing Arts in New York City New champion: $11,900

Game dynamics:

Coryat scores:

Liz Paul Chris
$3,000 $5,900 $13,700
13 R
(including 1 DD),
2 W
14 R,
2 W
29 R
(including 1 DD),
2 W
(including 1 DD)

Combined Coryat: $22,600

[game clues] [game scores] [suggest correction]

Game tape date: 1994-01-18
The J! Archive is created by fans, for fans. Scraping, republication, monetization, and malicious use prohibited; this site may use cookies and collect identifying information. See terms. The Jeopardy! game show and all elements thereof, including but not limited to copyright and trademark thereto, are the property of Jeopardy Productions, Inc. and are protected under law. This website is not affiliated with, sponsored by, or operated by Jeopardy Productions, Inc. Join the discussion at JBoard.tv.